000 00746nam a2200217Ia 4500
008 0000001988 sp a 0000000000spa00
090 _aPSP00 A77e
100 1 _aArroyo, Eduardo
_d1937
245 1 0 _aEduardo Arroyo
_c/ fotografías J.J. Blázquez
300 _a[24] p.
_c/ 27 cm.
500 _aCon el patronazgo del maestro venezolano Jesús Rafael Soto (q.e.p.d.)
600 0 0 _aARROYO, EDUARDO, 1937 /
_xTRABAJOS PICTORICOS
650 1 4 _aARTE CONTEMPORANEO ESPAÑOL
650 1 4 _aARTISTAS PLASTICOS ESPAÑOLES
650 1 4 _xCATALOGOS
650 1 4 _xEXPOSICIONES
650 1 4 _aOBJETOS ARTISTICOS ESPAÑOLES
650 1 4 _aPINTURA ESPAÑOLA
700 1 _aBlázquez, J. J.
999 _c5786
_d5786
260 _aMadrid : Gamarra y Garrigues
_c1988